Water Supply Engineering (Record no. 7705)
[ view plain ]
| 000 -LEADER | |
|---|---|
| fixed length control field | 00303nam a2200121Ia 4500 |
| 008 - FIXED-LENGTH DATA ELEMENTS--GENERAL INFORMATION | |
| fixed length control field | 191201s2015 xx 000 0 und d |
| 100 ## - MAIN ENTRY--PERSONAL NAME | |
| Personal name | GARG, Santosh Kumar |
| 245 #0 - TITLE STATEMENT | |
| Title | Water Supply Engineering |
| 260 ## - PUBLICATION, DISTRIBUTION, ETC. (IMPRINT) | |
| Date of publication, distribution, etc | 2015 |
| Name of publisher, distributor, etc | Khanna Publisher |
| Place of publication, distribution, etc | New Delhi |
| 300 ## - PHYSICAL DESCRIPTION | |
| Extent | 1064 |
| 650 ## - SUBJECT ADDED ENTRY--TOPICAL TERM | |
| Topical term or geographic name as entry element | CIVIL |
| 942 ## - ADDED ENTRY ELEMENTS (KOHA) | |
| Source of classification or shelving scheme | Dewey Decimal Classification |
| Koha item type | Book Bank |
| 942 ## - ADDED ENTRY ELEMENTS (KOHA) | |
| -- | 2 |
| Withdrawn status | Lost status | Source of classification or shelving scheme | Damaged status | Not for loan | Collection code | Home library | Current library | Date acquired | Source of acquisition | Cost, normal purchase price | Bill Number | Total Checkouts | Acc. no. / Barcode | Date last seen | Date last borrowed | Actual Cost, discounted price | Bill Date | Koha item type |
|---|---|---|---|---|---|---|---|---|---|---|---|---|---|---|---|---|---|---|
| Dewey Decimal Classification | B.Tech(CE) | PIET C-LIBRARY | PIET C-LIBRARY | 06/02/2016 | KIRTI PRAKASHAN, NEW DELHI | 475.00 | IN3608 | 1 | BB12221 | 01/03/2021 | 24/02/2020 | 351.50 | 04/02/2016 | Book Bank | ||||
| Dewey Decimal Classification | B.Tech(CE) | PIET C-LIBRARY | PIET C-LIBRARY | 06/02/2016 | KIRTI PRAKASHAN, NEW DELHI | 475.00 | IN3608 | 1 | BB12222 | 04/09/2020 | 24/02/2020 | 351.50 | 04/02/2016 | Book Bank | ||||
| Dewey Decimal Classification | B.Tech(CE) | PIET C-LIBRARY | PIET C-LIBRARY | 06/02/2016 | KIRTI PRAKASHAN, NEW DELHI | 475.00 | IN3608 | BB12223 | 04/12/2019 | 351.50 | 04/02/2016 | Book Bank |